Guess the Taylor Swift Song (no hints) 208 - Statistics

General Stats
  • This quiz has been taken 58 times
  • The average score is 152 of 294
Answer Stats
Answer % Correct
A
100%
a
100%
I
100%
the
96%
you
96%
to
94%
and
91%
And
91%
be
89%
on
87%
me
85%
my
85%
When
85%
in
83%
it
83%
love
83%
So,
83%
so
83%
So
83%
where
83%
Too
81%
this
79%
This
79%
Is
77%
All
74%
know
74%
no
72%
was
72%
were
72%
for
70%
that
70%
of
68%
what
68%
What
68%
it's
66%
one
66%
But
64%
if
64%
At
62%
at
62%
from
62%
I'll
62%
would
62%
have
57%
just
57%
Are
55%
knew
55%
never
55%
I'd
53%
Should
53%
get
51%
had
51%
With
47%
with
47%
night,
45%
night
45%
Out
45%
their
45%
wanted
45%
here
43%
thought
40%
something
38%
Something
38%
wouldn't
38%
Isn't
36%
isn't
36%
home,
34%
home
34%
into
34%
nothing
34%
them
34%
dream
32%
free
32%
take
32%
these
32%
feel
30%
light,
30%
again
28%
known
28%
before
26%
call
26%
life
26%
long
26%
lost
26%
ones
26%
start
26%
took
26%
Alone
23%
friends
23%
least
23%
let
23%
they've
23%
Wait
23%
Follow
21%
young
21%
beautiful
19%
dark
19%
ghosts
19%
maybe
19%
safe
19%
world
19%
alive
17%
dance
17%
dare
17%
hope
17%
lead
17%
watch
17%
ago
15%
calling
15%
memory
15%
wild
15%
beauty
13%
Born
13%
cling
13%
dawning
13%
dazzling
13%
fear
13%
haunted
13%
London
13%
memories
13%
mystical
13%
Perilous
13%
phantoms
13%
rooms
13%
Scared
13%
streets
13%
Visions
13%
voices
13%
wander
13%
within
13%
broken
11%
chances
11%
flicker
11%
taming
11%
No matching quizzes found
Score Distribution
Percent of People with Each Score
Percentile by Number Answered
Your Score History
You have not taken this quiz